000 00288nam a22001337a 4500
008 170630b xxu||||| |||| 00| 0 eng d
020 _a2900205591625
041 _aeng
080 _22ND
_a05
100 _a22
101 _aGJL
245 _aSTRATEGIC WRITING
_cMARSH,C
942 _2udc
_cBK
999 _c19787
_d19787